| 000 | 00000nam##2200000za#4500 |
| 001 | 9.698742 |
| 003 | CaOODSP |
| 005 | 20240527135429 |
| 007 | cr ||||||||||| |
| 008 | 150407|2007||||xxc|||||o f|0| 0 eng|d |
| 040 | |aCaOODSP|beng |
| 043 | |an-cn--- |
| 086 | 1 |aCW66-364/2007E-PDF |
| 110 | 2 |aCanadian Wildlife Service. |
| 245 | 10|aRecommended protocols for monitoring impacts of wind turbines on birds |h[electronic resource] |
| 246 | 1 |aWind turbines & birds - monitoring protocols |
| 260 | |aGatineau - Quebec : |bEnvironment Canada. |cApril 2007. |
| 300 | |a33p. |
| 590 | |a14-01-Supp|b2014-01-07 |
| 690 | 07|aBirds|2gcpds |
| 690 | 07|aMigratory birds|2gcpds |
| 690 | 07|aWind energy|2gcpds |
| 775 | 08|tProtocoles recommandés pour la surveillance des impacts des éoliennes sur les oiseaux |w(CaOODSP)9.642742 |
| 856 | 40|ahttp://publications.gc.ca|qPDF|s240 KB|uhttps://publications.gc.ca/collections/collection_2013/ec/CW66-364-2007-eng.pdf |